01873nam a2200445Ii 4500001001200000003000800012007001500020008004100035006001900076035002200095040003100117020002500148020002700173050001700200100004000217245017600257264005200433300004000485336002600525337002600551338003600577347002100613347000900634500007700643500004300720588008400763650001500847650003400862650002300896700003600919700003600955791003600991793004901027776014201076856007301218910002901291942000801320952008001328999001901408DIGRAMA0386NyNyDIGcr |||||||||||230815s2022 sp a o 000 0 spa dm o d  a(OCoLC)1395569672 aDGITAbengerdaepncDGITA a9788419444394qeBook z9788419444387qimpreso14aQA76.5 ebook1 aCampos Monge, Eva María,eauthor.10aHardware y sistemas operativos :btemario oficial de informática.nvolumen I [temas del 1 al 20] /cEva María Campos Monge, Maribel Campos Monge, Jorge López Querol. 1aParacuellos de Jarama, Madrid :bRa-Ma,c[2022] a1 online resource :billustrations. atextbtxt2rdacontent acomputerbc2rdamedia aonline resourcebcr2rdacarrier atext file2rdaft bEPUB a"Cuerpo de profesores de enseñanza secundaria - informática"--Cover. a"Contenidos actualizados 2023"--Cover.0 aOnline resource; title from ePub title page (Digitalia, viewed August 15, 2023) 0aComputers. 0aOperating systems (Computers) 0aComputer programs.1 aCampos Monge, Maribel,eauthor.1 aLópez Querol, Jorge,eauthor.2 aDigitalia (Firm),edistributor.0 gDigitalia eBook Collection:aRa-Ma Editorial08iPrint version:aCampos Monge, Eva María.tHardware y sistemas operativos.dParacuellos de Jarama, Madrid : Ra-Ma, [2022]z9788419444387403Digitalia Hispánicauhttps://www.digitaliapublishing.com/a/127647/ aPremium collection: 2023 cRAA 001040708DEHaBD-UINbBD-UINd2025-04-25l0r2025-04-25w2025-04-25yRAA c278803d278803